=LDR 00000nam 2200000 4500 =001 INLIS000000000031217 =005 20130612133312 =008 ***********************************Ind** =035 ##$$0010-061300000031217 =041 ##$$a Ind =082 ##$$a 639.31 =090 ##$$a 639.31, Pra a =100 ##$$a Prahasta, Arief =245 ##$$a Agribisnis sepat, Arief Prahasta; Hasanawi Masturi =260 ##$$a 2009 $b Bandung =300 ##$$a xii, 161 hlm, ilus, 20 cm =650 ##$$a Ikan Sepat - Budidaya =700 ##$$a Masturi, Hasanawi =850 ##$$a NBPNMAT